00394nam a22001217a 4500008004100000020001500041050002200056100001700078245011500095260002800210300001400238700002000252191114b xxu||||| |||| 00| 0 eng d a1591396190 aHF5415.153b.K56  aKim, W. Chan aBlue Ocean Strategy bHow to Create Uncontested Market Space and Make the Competition Irrelevant cW. Chan Kim aBostonbHBS Pressc2005 axi, 240p. aRenee Mauborgne